000
00398nam a2200145Ia 4500
008
100122s9999 xx 000 0 und d
082
_b
19152
_a
823.08
100
_a
कर्णिक मधु मंगेश
245
_a
केवडा
260
_b
श्रीराम प्रकाशन
300
_a
174
630
_a
केवडा
730
_a
केवडा
942
_c
BOOK
999
_c
408287
_d
408284